| 000 | 00993cab a2200229 4500 | ||
|---|---|---|---|
| 001 | ABS58468 | ||
| 008 | 090401t1998 xxu||||| |||| 00| 0 eng d | ||
| 035 | _a(Sirsi) u85276 | ||
| 041 | _aeng | ||
| 245 | _aGroundpremium Property Management Ltd v Longmint Ltd | ||
| 260 | _c1998 | ||
| 350 | _a0 | ||
| 490 |
_aEstates Gazette _v[1998] 11 EG 183-185(3) |
||
| 520 | _aLondon LVT 12 January 1998. Respondent landlord acquired the freehold of 24 properties which breached the Landlord and Tenant Act 1987 as no rights of first refusal was given to the tenants. A purchase notice was served on behalf of the tenants of two the buildings with determination of the price payable being referred to the Lands Valuation Tribunal. Held: The price payable was £9,500. | ||
| 650 | _aDETERMINATION OF PRICE | ||
| 650 | _aLANDLORD AND TENANT ACT 1987 | ||
| 650 | _aPRE-EMPTION RIGHTS | ||
| 650 | _aPURCHASE NOTICE | ||
| 690 | _aLANDLORD AND TENANT-CASE LAW | ||
| 942 | _n0 | ||
| 948 | _c27/03/1998 | ||
| 999 |
_c53614 _d53614 |
||